000 00633nam a2200205Ii 4500
003 JO-AjNU
008 230605s9999||||xx |||||||||||||| ||und||
017 _a2012/11/4154
040 _aJO-AjNU
_bara
_erda
_cJO-AjNU
041 _aara
050 1 4 _aQR 72 .5 .H33 2012
100 3 _aحبايب ، حزامة,
_eauthor
_948344
245 0 0 _aاكتشاف الجرثومة
264 3 1 _aعمان : وزارة الثقافة ، 2012
300 _a217ص
336 _atext
_btxt
_2rdacontent
337 _aunmediated
_bn
_2rdamedia
338 _avolume
_bnc
_2rdacarrier
650 4 _aالاحياء الدقيقة-جراثيم
_948345
999 _aA21165
_c24733
_d24733